| 000 | 00588nam a2200229Ia 4500 | ||
|---|---|---|---|
| 003 | OSt | ||
| 005 | 20220926042345.0 | ||
| 006 | a|||||r|||| 00| 0 | ||
| 007 | ta | ||
| 008 | 220923b |||||||| |||| 00| 0 eng d | ||
| 037 | _cGeneral Book | ||
| 040 |
_aRTL _cRTL _beng |
||
| 041 |
_2eng _aeng |
||
| 082 | _aX81, K0 | ||
| 100 |
_aRaynes Harold E. _9283442 |
||
| 245 | 0 | _aInsurance | |
| 260 | _c1960 | ||
| 490 | _aHome University Library Of Modern Knowledge | ||
| 650 |
_aInsurance _9186169 |
||
| 942 |
_hX81, K0 _cGB _2CC |
||
| 999 |
_c669517 _d669517 |
||